000
00313nam a2200133Ia 4500
003
OSt
005
20231031061831.0
008
170523s9999 xx 000 0 und d
040
_c
IIMT UNIVERSITY
100
_a
Meriam J L
245
0
_a
Engineering Mechanics Statistics
260
_a
Wiley India
942
_2
ddc
_c
02
999
_c
12010
_d
12010